The Dvil & Miss Prym / (Record no. 595513)
[ view plain ]
| 000 -LEADER | |
|---|---|
| fixed length control field | 00356nam a22001457a 4500 |
| 020 ## - INTERNATIONAL STANDARD BOOK NUMBER | |
| International Standard Book Number | 9780007132867 |
| 040 ## - CATALOGING SOURCE | |
| Transcribing agency | 0 |
| 082 ## - DEWEY DECIMAL CLASSIFICATION NUMBER | |
| Classification number | 869.342,COE |
| 100 ## - MAIN ENTRY--PERSONAL NAME | |
| Personal name | Coelho, Paulo |
| 9 (RLIN) | 3636 |
| 245 ## - TITLE STATEMENT | |
| Title | The Dvil & Miss Prym / |
| Statement of responsibility, etc. | Paulo Coelho |
| 260 ## - PUBLICATION, DISTRIBUTION, ETC. | |
| Place of publication, distribution, etc. | Harper Collins |
| Name of publisher, distributor, etc. | UK |
| Date of publication, distribution, etc. | 2000 |
| 300 ## - PHYSICAL DESCRIPTION | |
| Extent | 201 p |
| 650 ## - SUBJECT ADDED ENTRY--TOPICAL TERM | |
| Source of heading or term | Miss Prym-English Literature |
| 942 ## - ADDED ENTRY ELEMENTS (KOHA) | |
| Source of classification or shelving scheme | |
| Koha item type | Fiction |
| Withdrawn status | Lost status | Source of classification or shelving scheme | Damaged status | Not for loan | Permanent Location | Current Location | Shelving location | Date acquired | Shelving control number | Total Checkouts | Full call number | Barcode | Date last seen | Date last checked out | Price effective from | Koha item type | Public note |
|---|---|---|---|---|---|---|---|---|---|---|---|---|---|---|---|---|---|
| Military College of Signals (MCS) | Military College of Signals (MCS) | General Stacks | 08/15/2023 | English Literature | 2 | 869.342,COE | MCS37896 | 07/31/2025 | 01/21/2025 | 08/15/2023 | Fiction | Almirah No.58, Shelf No.2 |
